Countries with nuclear weapons - Statistics

General Stats
  • This quiz has been taken 45 times
  • The average score is 8 of 9
Answer Stats
Hint Answer % Correct
1) Russia
100%
9) North korea
95%
5) Uk
95%
4) France
93%
2) Usa
93%
3) China
91%
7) India
89%
6) Pakistan
77%
8) Israel
70%
No matching quizzes found
Score Distribution
Percent of People with Each Score
Percentile by Number Answered
Your Score History
You have not taken this quiz